| 000 | 00375nam a2200145Ia 4500 | ||
|---|---|---|---|
| 008 | 240624s9999 xx 000 0 und d | ||
| 041 | _aeng | ||
| 082 | _a658.4 RUM | ||
| 100 | _aRUMMLER GEARY A | ||
| 245 | _aREDISCOVERING VALUE LEADING THE 3 D ENTE | ||
| 250 | _a11 | ||
| 260 |
_c2011 _aSan Francisco _bJossey-Bass |
||
| 300 | _axxi, : 243 : p. : cm. ; 24 | ||
| 365 |
_c _b27 |
||
| 999 |
_c17761 _d17761 |
||